Estatísticas para Leia minha mente #1

Clique aqui para jogar o quiz

Estatísticas Gerais

  • Esse quiz foi jogado 44 vezes
  • A pontuação média é 3 de 15

Estatísticas das Respostas

CategoriaResposta% Correto
MarVermelho
77%
FrutaBanana
74%
NúmeroOnze (11)
33%
Estado
brasileiro
Pernambuco
23%
PaísChina
21%
VerduraBrócolis
13%
ObjetoAbajur
8%
JogoRoblox©
8%
CorCiano
5%
AdjetivoComum
5%
AnimalJabuti
5%
Capital
(País)
Jacarta
5%
NomePaula
5%
Famoso (a)Xuxa
5%
ComidaSalgadinho
3%

Distribuição das Pontuações

Percentil de Números Respondidos

Porcentagem de Pessoas com Cada Pontuação

Sua Pontuação Histórica

Você não jogou esse quiz